00701nam a2200169 a 450000100100000000500170001000800410002704000250006808200160009310000280010924501370013726000890027430000280036304900090039195201140040099900170051400002779120200930031111.0110404s1987 dr a 000 0 spa d aDO-SdBNPbspacBNPHU axxxxbD725i1 aDottin, Milagros95210810aIndicadores sobre mujer y familia rurales en República Dominicana :bEncuesta Nacional de Mujeres Rurales 1985 /cMilagros Dottin. aSanto Domingo :bCentor de Investigación para la Acción Femenina (CIPAF),c1987. a150 p. :bil. ;c22 cm. aBNPD 0010718PDaPDbPDcCTd2011-04-04iLF1l0oxxxx D725ip27791-10r2020-06-25w2020-06-25yLFPDZNo se presta c27283d27283